1990s Albums (Hard) - Statistics

General Stats
  • This quiz has been taken 726 times
    666 since last reset
  • The average score is 10 of 20
Answer Stats
Picture Answer % Correct
Grace - Jeff Buckley
71%
The Colour and the Shape - Foo Fighters
63%
Ricky Martin - Ricky Martin
62%
2001 - Dr. Dre
61%
Christina Aguilera - Christina Aguilera
60%
Gangsta's Paradise - Coolio
60%
Americana - The Offspring
56%
Superunknown - Soundgarden
52%
Dirt - Alice in Chains
51%
The Predator - Ice Cube
50%
Seal - Seal
48%
Supernatural - Santana
44%
Vs. - Pearl Jam
42%
Sublime - Sublime
41%
Please Hammer Don't Hurt 'Em - MC Hammer
40%
Wish - The Cure
40%
Mama Said Knock You Out - LL Cool J
38%
Reasonable Doubt - Jay-Z
37%
Step By Step - New Kids On The Block
34%
Waking Up The Neighbours - Bryan Adams
34%
No matching quizzes found
Score Distribution
Percent of People with Each Score
Percentile by Number Answered
Your Score History
You have not taken this quiz since the last reset